История земли : (Record no. 395659)
[ view plain ]
| 000 -LEADER | |
|---|---|
| fixed length control field | 01163nam-a2200265-a-4500 |
| 001 - CONTROL NUMBER | |
| control field | YSU0083886 |
| 003 - CONTROL NUMBER IDENTIFIER | |
| control field | AM-YeHGA |
| 005 - DATE AND TIME OF LATEST TRANSACTION | |
| control field | 20250617153646.0 |
| 008 - FIXED-LENGTH DATA ELEMENTS--GENERAL INFORMATION | |
| fixed length control field | 990426s1904 xxu 000 0 rus u |
| 040 ## - CATALOGING SOURCE | |
| Original cataloging agency | AM-YeHGA |
| 041 0# - LANGUAGE CODE | |
| Language code of text/sound track or separate title | rus |
| 090 ## - LOCALLY ASSIGNED LC-TYPE CALL NUMBER (OCLC); LOCAL CALL NUMBER (RLIN) | |
| -- | 397708 |
| 100 10 - MAIN ENTRY--PERSONAL NAME | |
| Personal name | Неймайр, М. |
| 245 10 - TITLE STATEMENT | |
| Title | История земли : |
| Remainder of title | Пер. с нем. / |
| Statement of responsibility, etc. | Проф. М. Неймайр ; Пер., перераб. и доп. В. Улигомъ ; Съ доп. по геологии по России В.В. Ломанского и А.П. Нечаева ; Подъ ред. А.А. Иностранцева |
| 260 0# - PUBLICATION, DISTRIBUTION, ETC. | |
| Place of publication, distribution, etc. | Санкт-Петербург : |
| Name of publisher, distributor, etc. | Товарищество "Просвещение" , |
| Date of publication, distribution, etc. | 1904 - |
| 300 ## - PHYSICAL DESCRIPTION | |
| Extent | т. |
| Other physical details | съ 437 рис. |
| -- | 2 |
| -- | 0@BK |
| -- | 12 хромо |
| -- | 6 рез. на дер. |
| Dimensions | 8B>3@0D. |
| 500 ## - GENERAL NOTE | |
| General note | Пер. со 2-го нем. изд. |
| 505 10 - FORMATTED CONTENTS NOTE | |
| Miscellaneous information | Т. 1 ([1904], 762 с.) |
| -- | Т. 2 (1904, 852 с.) |
| 650 #4 - SUBJECT ADDED ENTRY--TOPICAL TERM | |
| Topical term or geographic name entry element | История Земли |
| 700 1# - ADDED ENTRY--PERSONAL NAME | |
| Personal name | Улиг, В. |
| Relationship | trl |
| 700 1# - ADDED ENTRY--PERSONAL NAME | |
| Personal name | Ломанский, В.В. |
| Relationship | aut |
| 700 1# - ADDED ENTRY--PERSONAL NAME | |
| Personal name | Нечаев, А.П. |
| Relationship | aut |
| 700 1# - ADDED ENTRY--PERSONAL NAME | |
| Personal name | Иностранцев, А.А. |
| Relationship | edt |
| 942 ## - ADDED ENTRY ELEMENTS (KOHA) | |
| Source of classification or shelving scheme | Universal Decimal Classification |
| Koha item type | Գրքեր / Books |
| Withdrawn status | Lost status | Source of classification or shelving scheme | Damaged status | Not for loan | Collection | Home library | Current library | Date acquired | Serial enumeration / chronology | Total checkouts | Full call number | Barcode | Date last seen | Price effective from | Koha item type | Public note |
|---|---|---|---|---|---|---|---|---|---|---|---|---|---|---|---|---|
| Universal Decimal Classification | General | Fundamental Scientific Library | Fundamental Scientific Library | 11/12/2017 | Т. 1 | PIII/3339 | FL0468081 | 11/12/2017 | 11/12/2017 | Գրքեր / Books | 30 Days Loan | |||||
| Universal Decimal Classification | General | Fundamental Scientific Library | Fundamental Scientific Library | 11/12/2017 | Т. 2 | PIII/3340 | FL0468080 | 11/12/2017 | 11/12/2017 | Գրքեր / Books | 30 Days Loan | |||||
| Universal Decimal Classification | General | Fundamental Scientific Library | Fundamental Scientific Library | 25/06/2018 | Т. 1 | PД III/8972 | FL0506359 | 25/06/2018 | 25/06/2018 | Գրքեր / Books | 30 Days Loan | |||||
| Universal Decimal Classification | General | Fundamental Scientific Library | Fundamental Scientific Library | 25/06/2018 | Т. 2 | PД III/8971 | FL0506360 | 25/06/2018 | 25/06/2018 | Գրքեր / Books | 30 Days Loan |
ՀՀ Գիտությունների ազգային ակադեմիայի հիմնարար գիտական գրադարան = Fundamental Scientific Library of NAS RA
All site content, except where otherwise noted, is licensed under a